[Event "Landesklasse West 2014/2015"]
[Site "?"]
[Date "2014.10.26"]
[Round "3"]
[White "Scheftlein, Richard"]
[Black "Petiko, Nikolai"]
[Result "1-0"]
[WhiteElo "2009"]
[BlackElo "1956"]
[PlyCount "113"]
[EventDate "2014.??.??"]
[WhiteTeam "ESV Lok Meiningen"]
[BlackTeam "SV Breitenworbis"]

1. d4 Nf6 2. c4 d6 3. Nc3 Nbd7 4. e4 e5 5. Nf3 c6 6. Be2 Be7 7. O-O a6 8. b4
O-O 9. d5 cxd5 10. cxd5 b5 11. h3 Nb6 12. Be3 Bd7 13. Nxe5 Nfxd5 14. Nxd5 Nxd5
15. Qxd5 dxe5 16. Rfd1 Be6 17. Qxe5 Bf6 18. Rxd8 Bxe5 19. Rxa8 Rxa8 20. Rc1
Bxa2 21. f4 Bd6 22. Ra1 Bc4 23. Bxc4 bxc4 24. b5 a5 25. Rc1 Rc8 26. Rd1 Ba3 27.
b6 Kf8 28. b7 Rb8 29. Rd7 Ke8 30. Rc7 Bd6 31. Rxc4 Rxb7 32. Rc6 Kd7 33. Ra6 Bb4
34. Kf2 Bc3 35. Ke2 Bb4 36. f5 Bc3 37. Kd3 Be1 38. e5 Bb4 39. Ke4 Ke7 40. Bb6
a4 41. Kd5 Kd7 42. e6+ fxe6+ 43. fxe6+ Ke7 44. Kc6 Rb8 45. Rxa4 Bc3 46. Re4 Bf6
47. Bc5+ Ke8 48. Ra4 Rc8+ 49. Kd5 Rd8+ 50. Ke4 Rc8 51. Ba3 Rb8 52. Ra7 Rc8 53.
g3 Rd8 54. Rf7 Rd4+ 55. Ke3 Kd8 56. Rf8+ Kc7 57. Rxf6 1-0

[Event "Landesklasse West 2014/2015"]
[Site "?"]
[Date "2014.10.26"]
[Round "3"]
[White "Bötticher, Heinz-Wilfried"]
[Black "Lehmann, Peter"]
[Result "1-0"]
[WhiteElo "1825"]
[BlackElo "1934"]
[PlyCount "31"]
[EventDate "2014.??.??"]
[WhiteTeam "SV Breitenworbis"]
[BlackTeam "ESV Lok Meiningen"]

1. d4 d5 2. c4 c6 3. Nf3 Nf6 4. Nc3 Bg4 5. Ne5 Bh5 6. Qb3 b6 7. cxd5 Nxd5 8. e4
Nxc3 9. Qxc3 Qd6 10. d5 e6 11. Nxc6 exd5 12. Bb5 a6 13. Nxb8+ axb5 14. Qc8+ Ke7
15. Nc6+ Kf6 16. Qf5# 1-0

[Event "Landesklasse West 2014/2015"]
[Site "?"]
[Date "2014.10.26"]
[Round "3"]
[White "Jörges, Frank"]
[Black "Gast, Rainer"]
[Result "1/2-1/2"]
[WhiteElo "1848"]
[BlackElo "1829"]
[PlyCount "26"]
[EventDate "2014.??.??"]
[WhiteTeam "ESV Lok Meiningen"]
[BlackTeam "SV Breitenworbis"]

1. d4 Nf6 2. Nf3 e6 3. c3 b6 4. Bg5 Bb7 5. e3 Be7 6. Nbd2 d5 7. Bd3 Nbd7 8. Qe2
O-O 9. e4 dxe4 10. Nxe4 Nxe4 11. Bxe7 Qxe7 12. Bxe4 Bxe4 13. Qxe4 c5 1/2-1/2

[Event "Landesklasse West 2014/2015"]
[Site "?"]
[Date "2014.10.26"]
[Round "3"]
[White "Vergin, Marcel"]
[Black "Rosenberg, Erik"]
[Result "1-0"]
[WhiteElo "1748"]
[BlackElo "1633"]
[PlyCount "57"]
[EventDate "2014.??.??"]
[WhiteTeam "SV Breitenworbis"]
[BlackTeam "ESV Lok Meiningen"]

1. d4 Nf6 2. Nf3 e6 3. Bf4 d5 4. e3 Nbd7 5. Nbd2 Be7 6. Bd3 O-O 7. Ne5 c5 8. c3
Nxe5 9. dxe5 Nd7 10. Qg4 Re8 11. Nf3 f5 12. exf6 Nxf6 13. Qg3 Qb6 14. Rb1 Rd8
15. Be5 Ne8 16. Ng5 Bxg5 17. Qxg5 c4 18. Bc2 Rd7 19. Bxh7+ Kxh7 20. Qh5+ Kg8
21. Qxe8+ Kh7 22. O-O Rd8 23. Qh5+ Kg8 24. Rfd1 Qc6 25. Rd4 Qe8 26. Qh3 Qg6 27.
Rbd1 Rf8 28. Rg4 Qf7 29. Qg3 1-0

[Event "Landesklasse West 2014/2015"]
[Site "?"]
[Date "2014.10.26"]
[Round "3"]
[White "Von Otte, Wilhelm"]
[Black "Leibeling, Lucian"]
[Result "1-0"]
[WhiteElo "1894"]
[BlackElo "1850"]
[PlyCount "81"]
[EventDate "2014.??.??"]
[WhiteTeam "ESV Lok Meiningen"]
[BlackTeam "SV Breitenworbis"]

1. e4 c5 2. c3 e5 3. Bc4 Nc6 4. Nf3 h6 5. O-O Nf6 6. Re1 Bd6 7. d4 O-O 8. dxe5
Bxe5 9. Nxe5 Nxe5 10. Bf1 b6 11. f4 Nc6 12. e5 Nh7 13. Na3 f6 14. Qd5+ Kh8 15.
Nc4 fxe5 16. Nxe5 Qf6 17. Be3 Nxe5 18. fxe5 Qc6 19. Qxc6 dxc6 20. Rad1 Be6 21.
Rd6 Bxa2 22. Rxc6 Rf7 23. c4 Nf8 24. Bf2 Re8 25. Bg3 Rfe7 26. Bd3 Bb3 27. Rd6
Kg8 28. Be2 g6 29. Rc1 Kg7 30. Bf3 Ba4 31. Ra1 Bc2 32. Bc6 Rc8 33. Bd5 Bf5 34.
Rf1 Be6 35. Rxf8 Kxf8 36. Bxe6 Rb8 37. Bd5 b5 38. Rxg6 Rg7 39. Rxh6 Ke7 40.
Bh4+ Kd7 41. e6+ 1-0

[Event "Landesklasse West 2014/2015"]
[Site "?"]
[Date "2014.10.26"]
[Round "3"]
[White "Biel, Peter"]
[Black "Holland-Cunz, Dietrich"]
[Result "1/2-1/2"]
[WhiteElo "1703"]
[BlackElo "1803"]
[PlyCount "21"]
[EventDate "2014.??.??"]
[WhiteTeam "SV Breitenworbis"]
[BlackTeam "ESV Lok Meiningen"]

1. e4 e6 2. d4 b6 3. Nf3 Bb7 4. Bd3 c5 5. Qe2 Qc7 6. Nc3 a6 7. Be3 Nc6 8. a3
cxd4 9. Nxd4 Nf6 10. Nxc6 dxc6 11. f4 1/2-1/2

[Event "Landesklasse West 2014/2015"]
[Site "?"]
[Date "2014.10.26"]
[Round "3"]
[White "Latka, Vera"]
[Black "Eschrich, Torsten"]
[Result "1/2-1/2"]
[WhiteElo "1684"]
[BlackElo "1689"]
[PlyCount "41"]
[EventDate "2014.??.??"]
[WhiteTeam "ESV Lok Meiningen"]
[BlackTeam "SV Breitenworbis"]

1. e4 e5 2. Nf3 Nc6 3. Bb5 a6 4. Ba4 Nf6 5. O-O b5 6. Bb3 Be7 7. Re1 O-O 8. c3
d5 9. exd5 Nxd5 10. d4 exd4 11. Nxd4 Nxd4 12. Qxd4 Bb7 13. Nd2 Nf6 14. Qxd8
Bxd8 15. Nf1 Ne4 16. Bc2 Nd6 17. Bf4 Bf6 18. Rad1 Rfe8 19. Ne3 Be5 20. Bxe5
Rxe5 21. f4 1/2-1/2

[Event "Landesklasse West 2014/2015"]
[Site "?"]
[Date "2014.10.26"]
[Round "3"]
[White "Gast, Benedikt"]
[Black "Webel, Peter"]
[Result "1/2-1/2"]
[WhiteElo "1498"]
[BlackElo "1724"]
[PlyCount "54"]
[EventDate "2014.??.??"]
[WhiteTeam "SV Breitenworbis"]
[BlackTeam "ESV Lok Meiningen"]

1. d4 Nf6 2. Nf3 e6 3. e3 d5 4. Bd3 Nbd7 5. Nbd2 Bd6 6. O-O O-O 7. e4 dxe4 8.
Nxe4 Nxe4 9. Bxe4 h6 10. h3 Nf6 11. Bd3 b6 12. Be3 Bb7 13. Qe2 Nd5 14. Bd2 Nf4
15. Bxf4 Bxf4 16. Rad1 Qf6 17. Rfe1 Rad8 18. c3 Bd6 19. Ne5 Qf4 20. Qh5 Qf6 21.
Re3 Bxe5 22. Rxe5 Ba8 23. Bc2 Rd5 24. Rde1 Rfd8 25. R1e3 Rxe5 26. Qxe5 Qxe5 27.
Rxe5 Rd5 1/2-1/2

[Event "Landesklasse West 2014/2015"]
[Site "?"]
[Date "2014.10.26"]
[Round "3"]
[White "Krüger, Karsten"]
[Black "Minor, Viatcheslav"]
[Result "0-1"]
[WhiteElo "1254"]
[BlackElo "2056"]
[PlyCount "90"]
[EventDate "2014.??.??"]

1. e4 e6 2. Nf3 d5 3. exd5 exd5 4. d4 Nc6 5. Bb5 Bd6 6. Nc3 Nge7 7. O-O Bg4 8.
Re1 O-O 9. Bg5 f6 10. Bxc6 fxg5 11. Bxd5+ Nxd5 12. Nxd5 Bxh2+ 13. Kxh2 Qxd5 14.
Re3 Bxf3 15. Rxf3 Rxf3 16. Qxf3 Qxf3 17. gxf3 Re8 18. Rc1 Re2 19. Kg3 Rd2 20.
Kg4 h6 21. Re1 Rxd4+ 22. Kh5 Kf7 23. Re4 Rd2 24. Rc4 c6 25. f4 Rxf2 26. fxg5
Rh2+ 27. Kg4 Rg2+ 28. Kf5 Rxg5+ 29. Kf4 Kf6 30. Rd4 Rd5 31. Re4 h5 32. Re8 g5+
33. Kf3 Rd2 34. Rh8 Rxc2 35. Rxh5 Rxb2 36. Kg4 Rb4+ 37. Kf3 Rh4 38. Rxh4 gxh4
39. Kg4 Ke5 40. Kxh4 c5 41. Kg4 Ke4 42. Kg3 Ke3 43. Kg2 c4 44. Kf1 Kd2 45. Kf2
c3 0-1

[Event "Landesklasse West 2014/2015"]
[Site "?"]
[Date "2014.10.26"]
[Round "3"]
[White "Neef, Michael"]
[Black "Latussek, Paul"]
[Result "1-0"]
[WhiteElo "1893"]
[BlackElo "1446"]
[PlyCount "97"]
[EventDate "2014.??.??"]

1. d4 f5 2. c4 Nf6 3. Nc3 e6 4. Nf3 Be7 5. e3 O-O 6. Qc2 Nc6 7. a3 d6 8. Bd3 d5
9. cxd5 Nxd5 10. Bd2 a6 11. Nxd5 exd5 12. Ne5 Nxe5 13. dxe5 c6 14. O-O Be6 15.
b4 Rc8 16. Qb2 Qb6 17. Rab1 Bg5 18. f4 Be7 19. Rf3 Rfd8 20. Bc3 Rd7 21. Qc2 g6
22. Rg3 Kh8 23. Qe2 Qc7 24. Rf3 c5 25. bxc5 Bxc5 26. Bb4 Bxb4 27. axb4 Qc3 28.
h3 Rdc7 29. Rff1 Qa3 30. Rfd1 Rc3 31. Qd2 Rb3 32. Rxb3 Qxb3 33. Rb1 Qc3 34. Qd1
d4 35. exd4 Qxd4+ 36. Kh1 Qxf4 37. Qe1 Bc4 38. Bxc4 Rxc4 39. e6 Re4 40. Qc3+
Qe5 41. Qc8+ Kg7 42. Qxb7+ Kh6 43. Qxa6 Re1+ 44. Rxe1 Qxe1+ 45. Kh2 Qxb4 46.
Qe2 Qe7 47. Qe5 Qe8 48. e7 Kg5 49. Qd6 1-0

[Event "Landesklasse West 2014/2015"]
[Site "?"]
[Date "2014.10.26"]
[Round "3"]
[White "Löhn, Marko"]
[Black "Schwarz, Hilmar"]
[Result "0-1"]
[WhiteElo "1553"]
[BlackElo "1834"]
[PlyCount "36"]
[EventDate "2014.??.??"]

1. e4 e5 2. Nf3 Nc6 3. Bc4 Nf6 4. Ng5 Bc5 5. Nxf7 Bxf2+ 6. Kf1 Qe7 7. Nxh8 d5
8. exd5 Nd4 9. Nc3 Bg4 10. Be2 Nxe2 11. Nxe2 Ne4 12. d3 Qf6 13. Bf4 exf4 14.
dxe4 f3 15. gxf3 Qxf3 16. Ng1 Qf4 17. Qd3 Be3+ 18. Nf3 Qxf3+ 0-1

[Event "Landesklasse West 2014/2015"]
[Site "?"]
[Date "2014.10.26"]
[Round "3"]
[White "Königsdörfer, Gerhard"]
[Black "Handschuh, Franz"]
[Result "1-0"]
[WhiteElo "1886"]
[BlackElo "1860"]
[PlyCount "93"]
[EventDate "2014.??.??"]

1. e4 d6 2. d4 Nf6 3. Nc3 g6 4. f4 Bg7 5. Nf3 c5 6. dxc5 Qa5 7. Bd3 Qxc5 8. Qe2
O-O 9. a3 Bg4 10. Be3 Qa5 11. O-O Nc6 12. b4 Qd8 13. Rad1 Nh5 14. Qe1 a6 15. e5
d5 16. Be2 e6 17. h3 Bxf3 18. Bxf3 Bh8 19. Bxh5 gxh5 20. Qg3+ Bg7 21. f5 f6 22.
Bh6 Qe7 23. fxe6 Rad8 24. Nxd5 Rxd5 25. Rxd5 Nxe5 26. Rf5 Kh8 27. Rfxe5 Bxh6
28. Re1 f5 29. Rd7 Qf6 30. e7 Re8 31. Qd6 Kg7 32. Qxf6+ Kxf6 33. Rxb7 Bd2 34.
Re2 Bc3 35. Rb6+ Kf7 36. Rxa6 Bb2 37. c4 Bf6 38. Rae6 Bc3 39. c5 h4 40. Kf2
Bd4+ 41. Kf3 Bc3 42. c6 Bb2 43. c7 Bxa3 44. c8=Q Rxc8 45. e8=Q+ Rxe8 46. Rxe8
Bxb4 47. Kf4 1-0

[Event "Landesklasse West 2014/2015"]
[Site "?"]
[Date "2014.10.26"]
[Round "3"]
[White "Brehme, Stefan"]
[Black "Hilbert, Stephan-Jörg"]
[Result "1/2-1/2"]
[WhiteElo "1806"]
[BlackElo "1698"]
[PlyCount "29"]
[EventDate "2014.??.??"]

1. e4 d5 2. exd5 Qxd5 3. Nc3 Qa5 4. d4 Nf6 5. d5 c6 6. dxc6 Nxc6 7. Bb5 Bd7 8.
Bd2 Qb6 9. Be3 Qc7 10. Nge2 e5 11. O-O Be7 12. f3 O-O 13. Ng3 Rad8 14. Qe2 Rfe8
15. Bxc6 1/2-1/2

[Event "Landesklasse West 2014/2015"]
[Site "?"]
[Date "2014.10.26"]
[Round "3"]
[White "Graupner, Markus"]
[Black "Mages, Horst"]
[Result "1/2-1/2"]
[WhiteElo "1692"]
[BlackElo "1700"]
[PlyCount "23"]
[EventDate "2014.??.??"]

1. Nf3 Nf6 2. c4 d6 3. d4 g6 4. g3 Bg7 5. Bg2 O-O 6. O-O a5 7. Nc3 c6 8. e4 Na6
9. Qe2 Bg4 10. h3 Bxf3 11. Bxf3 Nd7 12. Be3 1/2-1/2

[Event "Landesklasse West 2014/2015"]
[Site "?"]
[Date "2014.10.26"]
[Round "3"]
[White "Licht, Ralph"]
[Black "Anschütz, Bernd"]
[Result "1/2-1/2"]
[WhiteElo "1667"]
[BlackElo "1725"]
[PlyCount "26"]
[EventDate "2014.??.??"]

1. Nf3 g6 2. d4 Nf6 3. Nc3 d5 4. Bf4 Bd7 5. Qd2 Bg7 6. Ne5 Be6 7. O-O-O Nbd7 8.
Nb5 Ne4 9. Qe3 Nxe5 10. dxe5 c6 11. Nd4 Qa5 12. a3 Qb6 13. f3 Nc5 1/2-1/2

[Event "Landesklasse West 2014/2015"]
[Site "?"]
[Date "2014.10.26"]
[Round "3"]
[White "Ulbricht, Olaf"]
[Black "Lindig, Klaus"]
[Result "1-0"]
[WhiteElo "1608"]
[BlackElo "1192"]
[PlyCount "33"]
[EventDate "2014.??.??"]

1. e4 e5 2. f4 exf4 3. Nf3 d6 4. Bc4 Bg4 5. O-O g6 6. d4 Bg7 7. Bxf4 Bh6 8.
Bxf7+ Kxf7 9. Ng5+ Ke8 10. Qxg4 Qd7 11. Qf3 Bg7 12. c3 Nc6 13. d5 Nce7 14. Ne6
Nc8 15. Bg5 h6 16. Qf8+ Bxf8 17. Rxf8# 1-0

[Event "Landesklasse West 2014/2015"]
[Site "?"]
[Date "2014.11.23"]
[Round "4"]
[White "Geißhirt, Marco"]
[Black "Scheftlein, Richard"]
[Result "1/2-1/2"]
[WhiteElo "1892"]
[BlackElo "2009"]
[PlyCount "33"]
[EventDate "2014.??.??"]
[WhiteTeam "SG Barchfeld/Breitungen"]
[BlackTeam "ESV Lok Meiningen"]

1. d4 Nf6 2. b3 d5 3. e3 Bf5 4. Bd3 Bxd3 5. Qxd3 Nbd7 6. Ba3 g6 7. Nf3 Bg7 8.
Nbd2 O-O 9. Rc1 a5 10. c4 a4 11. b4 dxc4 12. Nxc4 c6 13. Na5 Qb6 14. O-O Nd5
15. Qb1 Rfd8 16. Rfd1 Bf8 17. e4 1/2-1/2

[Event "Landesklasse West 2014/2015"]
[Site "?"]
[Date "2014.11.23"]
[Round "4"]
[White "Lehmann, Peter"]
[Black "Rommel, Uwe"]
[Result "1/2-1/2"]
[WhiteElo "1934"]
[BlackElo "1859"]
[PlyCount "61"]
[EventDate "2014.??.??"]
[WhiteTeam "ESV Lok Meiningen"]
[BlackTeam "SG Barchfeld/Breitungen"]

1. d4 g6 2. Nf3 Bg7 3. c4 d6 4. Nc3 Nd7 5. e4 e5 6. d5 a5 7. Bd3 Ne7 8. O-O O-O
9. Qc2 Nc5 10. Bg5 f6 11. Bh4 g5 12. Bg3 Ng6 13. Nd2 Nf4 14. Bxf4 exf4 15. a3
g4 16. f3 g3 17. hxg3 fxg3 18. f4 f5 19. Nf3 Qf6 20. Ne2 fxe4 21. Bxe4 Nxe4 22.
Qxe4 Bf5 23. Qd4 Qg6 24. Qd2 Qg4 25. Rfe1 Be4 26. Ng5 Rae8 27. Ne6 Bf5 28. Nxg7
Qxg7 29. Qc3 Qxc3 30. Nxc3 Bd3 31. Nb5 1/2-1/2

[Event "Landesklasse West 2014/2015"]
[Site "?"]
[Date "2014.11.23"]
[Round "4"]
[White "Reum, Lutz"]
[Black "Jörges, Frank"]
[Result "1/2-1/2"]
[WhiteElo "1800"]
[BlackElo "1848"]
[PlyCount "143"]
[EventDate "2014.??.??"]
[WhiteTeam "SG Barchfeld/Breitungen"]
[BlackTeam "ESV Lok Meiningen"]

1. c4 Nf6 2. Nf3 e6 3. Nc3 d5 4. g3 c6 5. e3 Nbd7 6. d3 Bb4 7. Bd2 O-O 8. a3
Ba5 9. Bg2 Re8 10. b4 Bc7 11. O-O Nf8 12. Qb3 Bd7 13. Rfd1 Qe7 14. Rac1 a6 15.
h3 Ng6 16. e4 dxe4 17. Nxe4 Nxe4 18. dxe4 e5 19. Be3 Red8 20. Bc5 Qe8 21. Rd2
Be6 22. Rcd1 Rxd2 23. Rxd2 b5 24. Bf1 Rd8 25. Rxd8 Qxd8 26. Qc2 f6 27. cxb5
axb5 28. Be3 Ne7 29. Nd2 f5 30. Bg5 f4 31. Bxe7 Qxe7 32. Qxc6 fxg3 33. fxg3 Qd7
34. Qxb5 Qd4+ 35. Kh1 Bd7 36. Qd5+ Qxd5 37. exd5 Bb6 38. Kg2 Kf7 39. Bc4 Ke7
40. g4 Bd4 41. b5 h5 42. gxh5 Bf5 43. Kf3 Bc2 44. Bb3 e4+ 45. Nxe4 Bxb3 46. Ng3
Bxd5+ 47. Kf4 Bb6 48. Ke5 Bb3 49. Nf5+ Kf8 50. Kd6 Bc2 51. Kc6 Ba5 52. Nd4 Be4+
53. Kc5 Ke7 54. Nb3 Be1 55. Kd4 Bg2 56. a4 Bf2+ 57. Kc4 Bf1+ 58. Kd5 Bg2+ 59.
Kc4 Bf1+ 60. Kb4 Be1+ 61. Kc5 Bf2+ 62. Kc6 Bg2+ 63. Kc7 Bg3+ 64. Kb6 Bf2+ 65.
Ka6 Bf1 66. a5 Bxh3 67. b6 Bf1+ 68. Ka7 Be2 69. a6 Kf6 70. Nd2 Bxb6+ 71. Kxb6
Bxa6 72. Kxa6 1/2-1/2

[Event "Landesklasse West 2014/2015"]
[Site "?"]
[Date "2014.11.23"]
[Round "4"]
[White "Grube, Jan"]
[Black "Crivellaro, Heiko"]
[Result "1/2-1/2"]
[WhiteElo "1821"]
[BlackElo "1810"]
[PlyCount "155"]
[EventDate "2014.??.??"]
[WhiteTeam "ESV Lok Meiningen"]
[BlackTeam "SG Barchfeld/Breitungen"]

1. c4 Nf6 2. d4 d5 3. Nc3 e6 4. Bg5 c6 5. e3 Be7 6. Nf3 O-O 7. Bd3 Nbd7 8. O-O
dxc4 9. Bxc4 Nd5 10. Bxe7 Qxe7 11. Rc1 Nxc3 12. Rxc3 e5 13. d5 cxd5 14. Qxd5
Kh8 15. Bb5 e4 16. Bxd7 Bxd7 17. Ne5 Bf5 18. Rd1 Rae8 19. Nd7 Bxd7 20. Rc7 Rd8
21. Rxd7 Rxd7 22. Qxd7 Qb4 23. Qd6 Qxd6 24. Rxd6 Kg8 25. Rd7 Rb8 26. g4 g6 27.
Kg2 a6 28. Kg3 b5 29. Kf4 Re8 30. Rd6 Rc8 31. Kxe4 Rc2 32. Rxa6 Rxb2 33. Kf3
Kg7 34. Ra7 g5 35. a3 Rb3 36. Ke2 Kg6 37. h3 f6 38. Ra6 Rb2+ 39. Kf3 Ra2 40.
Kg3 b4 41. a4 b3 42. Rb6 b2 43. a5 h5 44. a6 h4+ 45. Kf3 Ra1 46. Rxb2 Rxa6 47.
Rb5 Ra4 48. Rd5 Rb4 49. Rd4 Rb3 50. Ke4 Rb2 51. Kf3 Rb3 52. Rd6 Ra3 53. Rd2 Rb3
54. Kg2 Rb4 55. Re2 f5 56. gxf5+ Kxf5 57. Rc2 Rb5 58. Rc4 Ra5 59. Kf3 Ra1 60.
Rc5+ Kg6 61. e4 Rh1 62. Rc6+ Kh5 63. Kg2 Re1 64. Re6 Ra1 65. e5 Ra3 66. Rc6 Ra5
67. e6 Re5 68. f3 Kg6 69. e7+ Kf7 70. Rc7 Re2+ 71. Kg1 Rxe7 72. Rc5 Kg6 73. Kf2
Ra7 74. Rc6+ Kh5 75. Rd6 Ra2+ 76. Kg1 Ra1+ 77. Kg2 Ra2+ 78. Kg1 1/2-1/2

[Event "Landesklasse West 2014/2015"]
[Site "?"]
[Date "2014.11.23"]
[Round "4"]
[White "Wolf, Tristan"]
[Black "Rosenberg, Erik"]
[Result "1/2-1/2"]
[WhiteElo "1594"]
[BlackElo "1633"]
[PlyCount "39"]
[EventDate "2014.??.??"]
[WhiteTeam "SG Barchfeld/Breitungen"]
[BlackTeam "ESV Lok Meiningen"]

1. Nf3 d5 2. g3 Nf6 3. Bg2 c6 4. O-O Bf5 5. d4 e6 6. b3 Bd6 7. Bb2 O-O 8. Nbd2
Nbd7 9. h3 h6 10. Ne5 Ne4 11. Nxe4 Bxe4 12. Bxe4 dxe4 13. e3 Qc7 14. Nxd7 Qxd7
15. Kg2 f5 16. c4 Qf7 17. f4 Rad8 18. Qe2 g5 19. Kh2 Qg6 20. c5 1/2-1/2

[Event "Landesklasse West 2014/2015"]
[Site "?"]
[Date "2014.11.23"]
[Round "4"]
[White "Webel, Peter"]
[Black "Reum, Jonathan"]
[Result "1-0"]
[WhiteElo "1724"]
[BlackElo "1563"]
[PlyCount "65"]
[EventDate "2014.??.??"]
[WhiteTeam "ESV Lok Meiningen"]
[BlackTeam "SG Barchfeld/Breitungen"]

1. d4 d5 2. c4 e6 3. Nc3 Nf6 4. cxd5 exd5 5. Bg5 c6 6. Qc2 Be7 7. e3 Nbd7 8.
Bd3 h6 9. Bh4 O-O 10. Nge2 c5 11. dxc5 Nxc5 12. O-O Be6 13. Rfd1 Nxd3 14. Qxd3
Qc7 15. Rac1 Qe5 16. Bg3 Qg5 17. Bf4 Qg6 18. Qxg6 fxg6 19. Nb5 Bf7 20. Rc7 Bb4
21. Rxb7 Bc5 22. Bd6 Bxd6 23. Nxd6 Be6 24. Nf4 Bd7 25. Nxg6 Rfb8 26. b3 a5 27.
Ne5 Be8 28. Rxb8 Rxb8 29. Nxe8 Rxe8 30. Nc6 a4 31. bxa4 Ra8 32. a5 Kf7 33. Rb1
1-0

[Event "Landesklasse West 2014/2015"]
[Site "?"]
[Date "2014.11.23"]
[Round "4"]
[White "Abe, Rico"]
[Black "Holland-Cunz, Dietrich"]
[Result "0-1"]
[WhiteElo "1664"]
[BlackElo "1803"]
[PlyCount "88"]
[EventDate "2014.??.??"]
[WhiteTeam "SG Barchfeld/Breitungen"]
[BlackTeam "ESV Lok Meiningen"]

1. e4 e6 2. d4 b6 3. Nc3 Bb7 4. Nf3 Bb4 5. Bd3 Nf6 6. e5 Nd5 7. Bd2 Nxc3 8.
bxc3 Be7 9. O-O d6 10. Re1 Nd7 11. Be4 Bxe4 12. Rxe4 dxe5 13. Nxe5 Nxe5 14.
Rxe5 Bf6 15. Re1 Qd5 16. Be3 Qc4 17. Qd3 Qxd3 18. cxd3 c5 19. Rac1 cxd4 20.
Bxd4 Bxd4 21. cxd4 Kd7 22. f4 Rac8 23. Kf2 Rxc1 24. Rxc1 Rc8 25. Rc4 b5 26. Rc5
Rxc5 27. dxc5 Kc6 28. d4 Kd5 29. Ke3 f6 30. Kd3 e5 31. fxe5 fxe5 32. c6 Kxc6
33. dxe5 Kd5 34. Kc3 a5 35. e6 Kxe6 36. Kd4 Kd6 37. g4 g5 38. h3 h6 39. Ke4 b4
40. Kd4 Kc6 41. Kc4 Kb6 42. Kb3 Kb5 43. a3 bxa3 44. Kxa3 Kc4 0-1

[Event "Landesklasse West 2014/2015"]
[Site "?"]
[Date "2014.11.23"]
[Round "4"]
[White "Hänisch, Christoph"]
[Black "Heß, Wolfgang"]
[Result "1/2-1/2"]
[WhiteElo "1663"]
[BlackElo "1725"]
[PlyCount "32"]
[EventDate "2014.??.??"]
[WhiteTeam "ESV Lok Meiningen"]
[BlackTeam "SG Barchfeld/Breitungen"]

1. d4 d5 2. c4 Nf6 3. cxd5 Nxd5 4. e4 Nf6 5. Nc3 c6 6. Nf3 h6 7. Be2 e6 8. O-O
Be7 9. Be3 Nbd7 10. Qc2 O-O 11. a3 b6 12. Rac1 Bb7 13. h3 c5 14. Rfd1 cxd4 15.
Bxd4 Qb8 16. e5 Nd5 1/2-1/2

[Event "Landesklasse West 2014/2015"]
[Site "?"]
[Date "2014.11.23"]
[Round "4"]
[White "Meister, Matthias"]
[Black "Recknagel, Michael"]
[Result "0-1"]
[WhiteElo "1745"]
[BlackElo "2164"]
[PlyCount "90"]
[EventDate "2014.??.??"]

1. e4 c5 2. Nc3 Nc6 3. Bc4 e6 4. d3 Nf6 5. Bg5 h6 6. Bxf6 Qxf6 7. Nge2 a6 8. a4
g5 9. O-O Bd6 10. Qd2 Ne5 11. Bb3 g4 12. Qe3 b6 13. Kh1 Qg5 14. d4 cxd4 15.
Qxd4 Bc5 16. Qd1 Bb7 17. Qc1 O-O-O 18. Nf4 Bd6 19. Qe3 Bc7 20. Rad1 Qh4 21. Qg3
Qxg3 22. fxg3 h5 23. Nd3 h4 24. Nxe5 Bxe5 25. gxh4 Rxh4 26. g3 Rh7 27. Kg1 Rdh8
28. Rd2 Bxc3 29. bxc3 Bxe4 30. Rff2 f5 31. Rfe2 Kb7 32. c4 Kc6 33. c3 Kc5 34.
Rd4 d6 35. Red2 Rd8 36. Rf2 Bf3 37. Rd3 Rf7 38. Rfxf3 gxf3 39. Rxf3 e5 40. Kf2
f4 41. Ke2 Rdf8 42. Rd3 Rh7 43. Rd5+ Kc6 44. gxf4 Rxh2+ 45. Kd3 exf4 0-1

[Event "Landesklasse West 2014/2015"]
[Site "?"]
[Date "2014.11.23"]
[Round "4"]
[White "Silberschlag, Jörg"]
[Black "Stöber, Alexander"]
[Result "1/2-1/2"]
[WhiteElo "2101"]
[BlackElo "1683"]
[PlyCount "86"]
[EventDate "2014.??.??"]

1. e4 g6 2. d4 Bg7 3. Be2 c6 4. Nf3 d6 5. a4 Bg4 6. Nc3 Bxf3 7. Bxf3 Nd7 8. O-O
e5 9. dxe5 dxe5 10. Qe2 Ngf6 11. b3 O-O 12. Ba3 Re8 13. Rfd1 Qb6 14. Bd6 a5 15.
Qc4 Bf8 16. Rab1 Re6 17. Bxf8 Nxf8 18. b4 Re7 19. Rd3 Ne6 20. Ne2 axb4 21. Rxb4
Qc5 22. g4 Qxc4 23. Rxc4 Rd7 24. Rxd7 Nxd7 25. h4 Ndc5 26. Nc3 Ra5 27. Rb4 Nd4
28. Bd1 b5 29. axb5 cxb5 30. Kg2 Ra1 31. g5 Na4 32. Rb1 Rxb1 33. Nxb1 b4 34.
Nd2 Nc5 35. Kf1 Kg7 36. Nc4 Nxe4 37. Nxe5 Nc3 38. Ke1 f6 39. gxf6+ Kxf6 40. Nd3
b3 41. cxb3 Nxd1 42. Kxd1 Nxb3 43. h5 gxh5 1/2-1/2

[Event "Landesklasse West 2014/2015"]
[Site "?"]
[Date "2014.11.23"]
[Round "4"]
[White "Kirchberg, Hans-Georg"]
[Black "Berghof, Axel"]
[Result "1/2-1/2"]
[WhiteElo "1661"]
[BlackElo "2046"]
[PlyCount "69"]
[EventDate "2014.??.??"]

1. d4 d5 2. Nf3 c6 3. e3 e6 4. Bd3 f5 5. Nbd2 Bd6 6. c4 Nd7 7. O-O Nh6 8. b3
O-O 9. a4 Qe7 10. Bb2 Nf7 11. Qc1 Qf6 12. Ba3 g5 13. Bxd6 Nxd6 14. cxd5 exd5
15. b4 a6 16. Qc2 g4 17. Ne1 Qh6 18. g3 Nf6 19. Ng2 Bd7 20. Nb3 Rae8 21. Nc5
Bc8 22. Rab1 b5 23. axb5 axb5 24. Ra1 Rf7 25. Ra2 Nfe4 26. Rfa1 Ng5 27. Nh4
Rfe7 28. Qe2 f4 29. Ra7 fxe3 30. Rxe7 Rxe7 31. Kg2 Nh3 32. Ra8 Nxf2 33. Nf5 Qf6
34. Nxe7+ Qxe7 35. Bb1 {Rest bis zum 40. Zug fehlt (muss man die Züge nicht
mehr nachschreiben?) - danach Dauerschach bis zum 47. Zug.} 1/2-1/2

[Event "Landesklasse West 2014/2015"]
[Site "?"]
[Date "2014.11.23"]
[Round "4"]
[White "Lorenz, Sebastian"]
[Black "Koch, Stefan"]
[Result "0-1"]
[WhiteElo "1558"]
[BlackElo "1851"]
[PlyCount "104"]
[EventDate "2014.??.??"]

1. e4 d5 2. exd5 Qxd5 3. Nc3 Qd6 4. Bc4 Nf6 5. d3 c6 6. h3 Bf5 7. Nf3 e6 8. Nh4
Bg6 9. Nxg6 hxg6 10. Qf3 Qc7 11. Bf4 Qb6 12. Bb3 Nbd7 13. O-O Be7 14. Rfe1 O-O
15. Re2 Nc5 16. Be3 Qc7 17. Bxc5 Bxc5 18. Ne4 Nxe4 19. Rxe4 Qd8 20. d4 Bd6 21.
Rae1 Qf6 22. Qg4 Qf5 23. Qe2 Qh5 24. Rxe6 fxe6 25. Qxe6+ Kh7 26. Qxd6 Qf5 27.
Qg3 Qf4 28. Qxf4 Rxf4 29. Re7 Rxd4 30. Rxb7 a5 31. a4 Rc8 32. c3 Rd2 33. Rb6
Re8 34. Bc4 Re1+ 35. Kh2 Rxf2 36. b3 Rd1 37. Rxc6 Rdd2 38. Rc5 Rxg2+ 39. Kh1
Rh2+ 40. Kg1 Rxh3 41. Bf1 Rf3 42. Bc4 Kh6 43. Ba6 Re3 44. Kf1 Rc2 45. Rxa5
Rexc3 46. Bc4 Rh3 47. Kg1 Re3 48. Kf1 g5 49. Rd5 g4 50. a5 g3 51. Rd1 g2+ 52.
Kg1 Rh3 0-1

[Event "Landesklasse West 2014/2015"]
[Site "?"]
[Date "2014.11.23"]
[Round "4"]
[White "Will, Ralph"]
[Black "Nolte, Rainer"]
[Result "1/2-1/2"]
[WhiteElo "1785"]
[BlackElo "1558"]
[PlyCount "73"]
[EventDate "2014.??.??"]

1. d4 d5 2. c4 c6 3. cxd5 cxd5 4. Nf3 Nf6 5. g3 e6 6. Bg2 Bb4+ 7. Bd2 Bxd2+ 8.
Qxd2 Nc6 9. O-O Ne4 10. Qc2 O-O 11. a3 Qb6 12. e3 Bd7 13. Nbd2 f5 14. Nb3 Rac8
15. Nc5 Rc7 16. Rfc1 Rfc8 17. Na4 Qa6 18. Bf1 Nxd4 19. Qxc7 Nxf3+ 20. Kg2 Rxc7
21. Bxa6 Rxc1 22. Rxc1 Bxa4 23. Kxf3 bxa6 24. Rc7 Kf8 25. Rxa7 Bb5 26. a4 Bxa4
27. Rxa6 Bd7 28. Ra7 Ke7 29. b4 Nd6 30. Kf4 h6 31. h4 g6 32. Ra8 Be8 33. Ke5
Nc4+ 34. Kd4 Nd6 35. Ke5 Nc4+ 36. Kd4 Nd6 37. Ke5 1/2-1/2